000 00275nam a2200121 a 4500
005 20140412111327.0
008 110121s19uu xx 00 eng d
050 _aER
_bId5 1991
100 _aLloyd, Errol
245 _aI don't care!.
260 _bRed Fox.
999 _c104711
_d104711